000 00311nam a22001217a 4500
020 _a0572008082
082 _a151.84 GIL
100 _aGilles,D.C.
_96396
245 _aThe Computer and Business : What management should know
260 _aLongon
_bW.Foulsham & Co LTD
_c1972
300 _a173p
_bill.
942 _cBK
999 _c20371
_d20371